00470nam a2200193 a 4500001001300000003000900013005001700022008004100039020001000080082001300090100001700103245002600120260002800146300000900174500003500183505001500218650002600233700001700259nice12345678IN_TiNIC20260116012541.0050524s0000 egya grp 000 0 ara  ac10000a231bNEI aNeil, Steven aAllahu Fil Masihiyat. aEgyptbNile Pressc0000 a126p aincludes index and biblioraphy2 aRoman Urdu aGod-Biblical Teaching1 aNeil, Steven